Geografia per Lettere - J - Statistics

Statistiche generali
  • Questo quiz è stato fatto 86 volte
  • Il punteggio medio è 3 su 20
Statistiche sulle risposte
Categoria Risposta % Corretto
Comune Italiano (20k+) Jesi - Jesolo
89%
Presidenti USA (Cognome) Jefferson - Jackson - Johnson
51%
Città Africana (1mil+) Johannesburg
41%
Capitale di uno Stato USA Jackson - Jefferson City - Juneau
29%
Penisola Jutland
17%
Contea USA (100k+) Jackson - Jasper - Jefferson - Johnson - Johnston
13%
Stato Federato Messicano Jalisco
13%
Città Indiana (1mil+) Jabalpur - Jaipur - Jodhpur
11%
Città Europea (100k+) Jerez de la Frontera - Jyväskylä - Jönköping - Jaén - Jena
4%
Città Cinese (1mil+) Jiangmen - Jilin - Jinan - Jinzhou - Jixi
3%
Territorio non Incorporato USA Jarvis - Johnston
1%
Provincia Cinese Jiangsu - Jiangxi - Jili
1%
Fiume (1000km+) James - Jurua - Juruena
0%
Isola (2500km2+) James Ross
0%
Contea Svedese Jämtland
0%
Oblast Russo Jaroslavl'
0%
Città in Arabia Saudita (100k+) (tolto "AL-", se necessario) Jizan - Jubayl
0%
Comune Svedese (100k+) Jönköping
0%
Parco Nazionale USA Joshua Tree
0%
Comune Finlandese (100k+) Jyväskylä
0%
Nessun quiz corrispondente trovato
Distribuzione punteggi
Percentuale di utenti per punteggio
Percentile per numero di risposta
I tuoi punteggi nel tempo
Non hai fatto questo quiz